Welcome to the Holygrace Academy Library

Please use search bar below to get started

THE GROSS -GHOST MYSTERY (Record no. 7291)

MARC details
000 -LEADER
fixed length control field 00281nam a22001217a 4500
082 ## - DEWEY DECIMAL CLASSIFICATION NUMBER
Classification number 823
Item number FRA/G
100 ## - MAIN ENTRY--AUTHOR NAME
Personal name DIXON, FRANKLIN
245 ## - TITLE STATEMENT
Title THE GROSS -GHOST MYSTERY
260 ## - PUBLICATION, DISTRIBUTION, ETC. (IMPRINT)
Place of publication NEW YORK
Name of publisher POCKET BOOKS
Year of publication 1997
300 ## - PHYSICAL DESCRIPTION
Number of Pages 73
650 ## - SUBJECT ADDED ENTRY--TOPICAL TERM
Topical Term ENGLISH STORY
Geographic subdivision UNITED STATES
942 ## - ADDED ENTRY ELEMENTS (KOHA)
Koha item type Books
Holdings
Withdrawn status Lost status Collection code Home library Current library Date acquired Source of acquisition Full call number Accession Number Koha item type
Withdrawn Damaged Item Fiction Main Library Main Library 09/03/2002 purchase 823 FRA/G 00247 Books
Withdrawn Damaged Item Fiction Main Library Main Library 09/03/2002 purchase 823 FRA/G 00248 Books